000 00814nac a22002051u 4500
010 _a 48017907
082 0 0 _a621.1
_bL988
090 _c3482
_d3482
100 _aLyle, Oliver.
245 1 4 _aThe efficient use of steam,
_cwritten for the Fuel Efficiency Committee of the Ministry of Fuel and Power /
_bOliver Lyle.
260 _aLondon,
_bH.M. Stationery Off.,
_c1947.
300 _a912 p.
_billus.
_c25 cm.
500 _aDonations.
500 _aDonations - Bibliotheca Alexandrina.
504 _aIncludes Index.
650 0 _aSteam engineering.
710 1 _aGreat Britain.
_bMinistry of Fuel and Power.
_bFuel Efficiency Committee.
942 _cBB
_k621.1L988
999 _c3482
_d3482